The Brahmaputra valley population / (Record no. 126264)

MARC details
000 -LEADER
fixed length control field 00708nam a22002297a 4500
005 - DATE AND TIME OF LATEST TRANSACTION
control field 20170124110007.0
010 ## - LIBRARY OF CONGRESS CONTROL NUMBER
LC control number A-952484
020 ## - INTERNATIONAL STANDARD BOOK NUMBER
Terms of availability 200.00
035 ## - SYSTEM CONTROL NUMBER
System control number A-952484
037 ## - SOURCE OF ACQUISITION
Source of stock number/acquisition Cen Lib/Ret
040 ## - CATALOGING SOURCE
Original cataloging agency DPL
Language of cataloging EN
082 ## - DEWEY DECIMAL CLASSIFICATION NUMBER
Classification number 304.6
Item number DAS
100 ## - MAIN ENTRY--PERSONAL NAME
Personal name Das, B. M
9 (RLIN) 17081
245 ## - TITLE STATEMENT
Title The Brahmaputra valley population /
Statement of responsibility, etc by B. M. Das
260 ## - PUBLICATION, DISTRIBUTION, ETC. (IMPRINT)
Place of publication, distribution, etc Allahabad
Name of publisher, distributor, etc Kitab Mahal
Date of publication, distribution, etc 1997
270 ## - ADDRESS
Address Kitab Mahal, 22-A Sarojini Naidu Marg
City Allahabad
300 ## - PHYSICAL DESCRIPTION
Extent 156p. :
Dimensions 21cm(Hb)
Other physical details ill
500 ## - GENERAL NOTE
General note Includes bibliographic references and index
650 ## - SUBJECT ADDED ENTRY--TOPICAL TERM
Topical term or geographic name as entry element Physical anthropology
9 (RLIN) 17082
650 ## - SUBJECT ADDED ENTRY--TOPICAL TERM
Topical term or geographic name as entry element Brahmaputra River Valley
Geographic subdivision Asia
9 (RLIN) 20138
942 ## - ADDED ENTRY ELEMENTS (KOHA)
Source of classification or shelving scheme Dewey Decimal Classification
Koha item type English Books
Classification part 304.6
Call number suffix DAS
Holdings
Withdrawn status Lost status Damaged status Not for loan Home library Current library Date acquired Source of acquisition Cost, normal purchase price Total Checkouts Full call number Barcode Date last seen Copy number Cost, replacement price Price effective from Koha item type Public note
Written off       Central Library Central Library 25/06/2015 Cen Lib/Ret 200.00   304.6 DAS A-952484 25/06/2015 1 200.00 25/06/2015 English Books W/d List No. 6856/22; dtd 30/07/2020

© Delhi Public Library
Hit Counter
free hit counter